Enciclopedia de Arquitectura Plazola : volumen 8
| Main Authors: | , , |
|---|---|
| Format: | Section = Libro |
| Language: | Undetermined Spanish |
| Published: |
México
Plazola Editores
1999
|
| Subjects: |
| LEADER | 00817nam a2200301Ia 4500 | ||
|---|---|---|---|
| 008 | 240829s9999 xx 000 0 und d | ||
| 020 | |a 968-7478-08-X | ||
| 040 | |a BIBLIOTECA-RUSB/ Ref 720 P723 | ||
| 041 | |a spa | ||
| 082 | |a Ref 720 P723 | ||
| 100 | 1 | |a Plazola Cisneros, Alfredo | |
| 100 | 1 | |b Plazola Cisnero, Alfredo | |
| 100 | 1 | |c Plazola Anguiano, Guillermo | |
| 245 | 1 | 0 | |a Enciclopedia de Arquitectura Plazola : volumen 8 |
| 260 | |a México |b Plazola Editores |c 1999 | ||
| 300 | |a 736 p. :il. | ||
| 650 | 7 | |a ARQUITECTURA | |
| 650 | 7 | |b MESOPOTAMIA | |
| 650 | 7 | |c ARQUITECTURA MÉXICO | |
| 650 | 7 | |d EDIFICIOS MILITARES | |
| 650 | 7 | |e MINUSVÁLIDOS | |
| 650 | 7 | |f MUSEOS | |
| 650 | 7 | |g GALERÍA | |
| 650 | 7 | |h OBSERVATORIO | |
| 650 | 7 | |i METROPOLITANO | |
| 942 | |c BK |2 ddc | ||
| 991 | |a TEXTO | ||
| 999 | |c 6457 | ||